| 000 | 00950nam a2200301 a 4500 | ||
|---|---|---|---|
| 999 |
_c7693 _d7693 |
||
| 001 | 7693 | ||
| 003 | BD - JhCC | ||
| 005 | 20180920124925.0 | ||
| 008 | 940504s19739999enk f000 0 eng d | ||
| 035 | _a(BD-JhCC)7693 | ||
| 040 |
_aBD-JhCC _dBD-JhCC |
||
| 041 | _aeng | ||
| 082 |
_bDEM 1962 _a344.203252 |
||
| 100 | _aDempster, J. J. B. | ||
| 245 | 0 | 0 |
_aYour home and compulsory purchase / _cDempster, J. J. B. |
| 250 | _a[Various eds.] | ||
| 260 |
_aBradford : _bDepartment of the Environment ; _a[s.l.] : _bWelsh Office, _c1973- |
||
| 300 |
_av. ; _c21 cm |
||
| 500 | _aTitle from cover | ||
| 650 | 0 |
_aCompensation (Law) _zEngland |
|
| 650 | 0 |
_aEminent domain _zEngland |
|
| 710 | 1 |
_aGreat Britain. _bDepartment of the Environment. |
|
| 710 | 1 |
_aGreat Britain. _bWelsh Office. |
|
| 710 | 1 |
_aGreat Britain. _bCentral Office of Information. |
|
| 830 | 0 |
_aLand compensation : your rights explained ; _v1 |
|
| 942 |
_2ddc _cBK |
||